Library Banner

Culture and power : (Record no. 103801)

MARC details
000 -LEADER
fixed length control field 00669cam a2200229 a 4500
001 - CONTROL NUMBER
control field 14612574
005 - DATE AND TIME OF LATEST TRANSACTION
control field 20180306113043.0
008 - FIXED-LENGTH DATA ELEMENTS--GENERAL INFORMATION
fixed length control field 061026s2007 nyu b 001 0 eng
020 ## - INTERNATIONAL STANDARD BOOK NUMBER
International Standard Book Number 9781845201166 (cloth)
020 ## - INTERNATIONAL STANDARD BOOK NUMBER
International Standard Book Number 1845201167 (cloth)
020 ## - INTERNATIONAL STANDARD BOOK NUMBER
International Standard Book Number 9781845201173 (pbk.)
020 ## - INTERNATIONAL STANDARD BOOK NUMBER
International Standard Book Number 1845201175 (pbk.)
040 ## - CATALOGING SOURCE
Transcribing agency PK-LaUMT
082 00 - DEWEY DECIMAL CLASSIFICATION NUMBER
Classification number 306.07
Edition number 22
Item number GIB-C
100 1# - MAIN ENTRY--PERSONAL NAME
Personal name Gibson, Mark
245 10 - TITLE STATEMENT
Title Culture and power :
Remainder of title a history of cultural studies /
Statement of responsibility, etc Mark Gibson
260 ## - PUBLICATION, DISTRIBUTION, ETC. (IMPRINT)
Place of publication, distribution, etc Oxford ;
-- New York, NY :
Name of publisher, distributor, etc Berg,
Date of publication, distribution, etc 2007
300 ## - PHYSICAL DESCRIPTION
Extent xi, 228 p. ;
Dimensions 24 cm.
650 #0 - SUBJECT ADDED ENTRY--TOPICAL TERM
Topical term or geographic name as entry element Culture
General subdivision Study and teaching.
650 #0 - SUBJECT ADDED ENTRY--TOPICAL TERM
Topical term or geographic name as entry element Power (Social sciences)
942 ## - ADDED ENTRY ELEMENTS (KOHA)
Koha item type Books
Holdings
Withdrawn status Lost status Damaged status Home library Current library Date acquired Full call number Barcode Date last seen Price effective from Koha item type
      UMT Main Campus UMT Main Campus 2018-03-06 306.07 GIB-C 118675 2018-03-06 2018-03-06 Books